000 00757nam a2200229 u 4500
005 20240228064116.0
008 130201s2007 r 000 0 eng d
020 _a9788408071792
035 _aUPN01000189362
049 _aI
050 4 _aPQ6655 T8.3
_bF3.6
100 1 _aEtxebarria, Lucía,
_d1966-
_933502
245 1 3 _aLa fantástica niña pequeña y la cigüeña pedigüeña /
_cLucía Etxebarria ; il. de Víctor Coyote.
260 _aBarcelona, Esp. :
_bPlaneta,
_c2007.
300 _a[24] p. :
_bprincipalmente il. col
440 0 _aDestino infantil & juvenil
650 4 _aLiteratura infantil española
_95892
650 4 _aLibros y lectura para niños
_92290
700 1 _aCoyote, Víctor,
_eil.
905 _aInfantil
999 _c161465
_d161465